| 000 | 01017nam a2200241 i 4500 | ||
|---|---|---|---|
| 001 | 164954 | ||
| 003 | ES-MaACL | ||
| 005 | 20250628063340.0 | ||
| 008 | 980722m18301834fr |||| | fre d | ||
| 040 |
_aCCPB | B _bspa _cCCPB | B |
||
| 100 | 1 |
_aSchoell, Friedrich, _d1766-1833 _9132565 _eaut |
|
| 245 | 1 | 0 |
_aCours d'histoire des états européens : _bdepuis le bouleversement de l'Empire romain d'occident jusqu'en 1789 / _cpar Max. Samson-Fréd. Schoell. |
| 260 |
_aA Paris : _bLibrairie de Gide Fils, _c1830-1834. |
||
| 300 |
_a30 v. ; _c21 cm. |
||
| 500 | _aDonativo Ángel Calderón de la Barca | ||
| 597 | _a46 t. en 30 v. - El t. XLVI tiene 2 v. | ||
| 651 |
_aEuropa- _xHistoria. _98599 |
||
| 852 |
_aES-MaACL _cMES _hDonat. Ángel Calderón de la Barca (Actas del Ateneo, junta 9 de abril de 1844) _jC-17904-33 _xPasta española _xEn. 46 t. en 30 v. - El t. XLVI tiene 2 v. |
||
| 942 |
_2udc _cMONANT _n0 |
||
| 999 |
_c164954 _d164954 |
||